| 000 | 02061nam a22003977a 4500 | ||
|---|---|---|---|
| 001 | 103631 | ||
| 003 | KnowledgeUnlatched | ||
| 005 | 20210303105132.0 | ||
| 006 | m o d | ||
| 007 | cr u|||||||||| | ||
| 008 | 210129p20102019xx o u00| u ger d | ||
| 037 | _5BiblioBoard | ||
| 245 | 0 | 0 |
_aPolis-Freundschaft-Jenseitsstrafen _bBriefe an und über Johannes / _cReinhard Feldmeier, Katharina Luchner, Bruno Bleckmann. |
| 020 | _a9783161564383 | ||
| 029 | 1 | _ahttps://library.biblioboard.com/ext/api/media/1c6d4642-7e95-455a-85fa-827831a04467/assets/thumbnail.jpg | |
| 040 |
_aScCtBLL _cScCtBLL |
||
| 506 | 0 |
_aAccess copy available to the general public. _fUnrestricted _2star |
|
| 700 | 1 |
_aFeldmeier, Reinhard _eeditor. |
|
| 700 | 1 |
_aLuchner, Katharina _eeditor. |
|
| 700 | 1 |
_aBleckmann, Bruno _eeditor. |
|
| 264 | 1 | _bMohr Siebeck, | |
| 300 | _a1 online resource (256 p.) | ||
| 520 | _aDie Briefe des Synesios von Kyrene (ca. 370-413 n.Chr.), der nicht nur Philosoph und Schriftsteller, sondern auch Feldherr und Bischof war, geben Einblick in die sozialen, politischen und religiös-intellektuellen Verhältnisse seiner Zeit. Für diesen Band wurden neun Briefe übersetzt und kommentiert; sie bieten einen ersten Zugang zu Synesios' Welt, vor allem auch zur Bilderwelt seiner aus den Mythen Platons gespeisten Jenseitsvorstellungen. | ||
| 588 | 0 | _aDescription based on print version record. | |
| 590 | _aKU Open Services | ||
| 650 | 7 |
_aSocial Science / Anthropology / Cultural & Social _2bisacsh |
|
| 650 | 7 |
_aReligion _2bisacsh |
|
| 650 | 7 |
_aHistory / Ancient _2bisacsh |
|
| 650 | 0 | _aReligion | |
| 655 | 0 | _aElectronic books. | |
| 758 |
_iIs found in: _aKnowledge Unlatched _1https://openresearchlibrary.org/module/2774bc74-146a-484f-a7ba-ab1d6a09bbfb |
||
| 856 | 4 | 0 |
_uhttps://openresearchlibrary.org/content/1c6d4642-7e95-455a-85fa-827831a04467 _zView this content on Open Research Library. _70 |
| 999 |
_c33719 _d33719 |
||